000
00280nam a22001217a 4500
008
180423b xxu||||| |||| 00| 0 eng d
041
_a
eng
080
_a
043.3
100
_a
0
101
_a
MEK-BA
245
_a
Machine Learning in Image Processing
_c
Kabashi, N
942
_2
udc
_c
BK
999
_c
45433
_d
45433